000 01935cam a2200157 4500500
005 20260405085605.0
041 _afre
042 _adc
100 1 0 _aTaillat, Stéphane
_eauthor
700 1 0 _aCattaruzza, Amaël
_eauthor
700 1 0 _aDanet, Didier
_eauthor
245 0 0 _aLa Cyberdéfense : Politique de l'espace numérique
260 _bArmand Colin,
_c2023.
520 _aDans un monde où les réseaux numériques entraînent une interconnexion des systèmes de traitement de l’information, les menaces associées à la digitalisation ont totalement transformé la manière de concevoir les conflits contemporains. Les États, et les principaux acteurs de la sécurité, sont donc amenés à repenser leurs politiques, leurs architectures et leurs stratégies de défense sur la scène internationale. Le domaine de la cyberdéfense doit être appréhendé de manière globale et pluridisciplinaire, au croisement des approches politiques et géopolitiques, stratégiques et juridiques, économiques, techniques et sociotechniques. Cet ouvrage, rédigé par de nombreux spécialistes, offre de manière concise et accessible une vision large des connaissances disponibles sur la gestion de crise dans l’espace numérique. Rapports de forces, cyberattaques sur les infrastructures, hacking, espionnage, fake news, cette deuxième édition, entièrement revue et actualisée, prend en compte les changements opérés dans le domaine de la cyberdéfense ces dernières années. Elle présente les dernières avancées technologiques et les transformations des enjeux liés à la conflictualité numérique, dans un monde cyber en perpétuel mouvement et étroitement lié à l’actualité mondiale, en témoignent les évolutions provoquées ou accélérées par la crise de la Covid-19 et la guerre en Ukraine.
856 4 1 _uhttps://shs.cairn.info/la-cyberdefense--9782200634223?lang=fr&redirect-ssocas=7080
999 _c2198775
_d2198775